[Event "Speed Chess Championship 2020"]
[Site "Online"]
[Date "2020.12.13"]
[Round "4.17"]
[White "Nakamura, Hikaru"]
[Black "Vachier-Lagrave, Maxime"]
[Result "1-0"]
[WhiteElo "2736"]
[BlackElo "2784"]
[Annotator "TA"]
[PlyCount "109"]
[EventDate "2020.10.31"]
[EventType "k.o."]
[EventCountry "NET"]
[SourceTitle "playchess.com"]
[Source "ChessBase"]
[SourceQuality "1"]

{[%evp 9,109,0,0,0,0,0,12,-8,0,0,12,14,10,0,12,-14,0,0,0,-26,0,-8,14,-40,-24,-40,-25,-34,-19,-34,-29,-27,-12,-8,-7,-19,-10,-36,-23,-45,-45,-31,-20,-66,-50,-113,-109,-109,-110,-112,-110,-127,-112,-185,-191,-233,-243,-229,-225,-215,-215,-210,-206,-166,-139,-116,72,38,43,56,102,106,141,143,178,79,79,86,127,108,111,68,75,73,84,62,135,135,164,156,289,276,512,512,612,113,12840,12840,12841,12841,12841,9381]} 1. e4 c5 2. Nf3 d6 3. Bc4 Nf6 4. d3 a6 5. a4 e6 6. O-O {[#] B50: Sicilian: 2...d6, Miscellaneous.} b6 $146 ({Predecessor:} 6... Be7 7. Nc3 Nc6 8. Bg5 h6 9. Bh4 O-O 10. Re1 Ne5 11. Nxe5 dxe5 12. Ne2 Nd7 13. Bg3 {0-1 (41) Cardozo Munar,C (2043)-Kruckenhauser,A (2283) Chess.com INT 2020}) 7. Bb3 Bb7 8. Nbd2 {The position is equal.} Be7 9. Re1 Nbd7 10. c3 O-O 11. d4 Qc7 12. e5 Nd5 13. Ne4 dxe5 14. dxe5 Rfd8 ({Don't play} 14... Nxe5 $6 15. Nxe5 Qxe5 16. Nxc5 $1 $14 {[%mdl 512]}) 15. Bc2 c4 16. Qe2 (16. Bd2 $11) 16... Nxe5 $15 17. Nxe5 Qxe5 18. Qxc4 Rac8 19. Qf1 Qc7 20. Bg5 $1 h6 21. Bxe7 Nxe7 22. Qe2 Ng6 23. Qe3 Ne5 24. Qe2 Nc4 25. b3 Nd6 26. c4 Nf5 {White must now prevent ...Nd4.} 27. f3 (27. Rac1 $15) 27... Nd4 $36 {[%mdl 2048] Black is on the roll.} 28. Qf2 Bxe4 29. Rxe4 Qc5 30. Bd1 Rd7 31. a5 (31. Rb1 $17) 31... bxa5 $19 32. Qe3 Rcd8 33. Kh1 Qb4 34. Qe1 Nxb3 35. Qxb4 Nxa1 36. Qxa5 {And now Ba4 would win.} Rxd1+ 37. Re1 {[#]} Rxe1+ $2 ({Black should play} 37... Nb3 $1 $17 {[%cal Rb3a5]} 38. Qe5 Rxe1+ 39. Qxe1 Rd4) 38. Qxe1 $17 {[%mdl 4096] Endgame KQ-KRN} Nc2 39. Qe2 {[%mdl 1024] White has compensation.} Nd4 40. Qa2 Nf5 {[%cal Rd8d1]} 41. Kg1 Rd6 42. c5 (42. Qa4 $18 {and White stays clearly on top.}) 42... Rc6 $16 43. Qa5 {Threatens to win with g4.} Kh7 44. Kf2 Ne7 45. Qb4 {aiming for Qb7.} Nd5 46. Qd4 Rc7 47. f4 g6 {[#]} (47... f5 $14) 48. g4 $1 Kg8 49. f5 gxf5 (49... h5 $16 50. fxe6 fxe6) 50. gxf5 $18 Rc6 $2 (50... h5 {keeps fighting.} 51. Kf3 Kf8) 51. f6 Kf8 52. Qe5 $2 (52. Qb2 $18 {is more deadly. White threatens Qb8+ and mate.} Nxf6 53. Qxf6) 52... Ke8 $2 {[%mdl 8192]} (52... Rc8 $16 53. c6 Ke8) 53. Qb8+ {White is clearly winning.} Kd7 54. Qf8 {[%mdl 64] Double Attack} Rxc5 55. Qxc5 {White used his chance.  Weighted Error Value: White=0.31/Black=0.26} 1-0

[Event "Speed Chess Championship 2020"]
[Site "Online"]
[Date "2020.12.13"]
[Round "4.18"]
[White "Vachier-Lagrave, Maxime"]
[Black "Nakamura, Hikaru"]
[Result "0-1"]
[WhiteElo "2784"]
[BlackElo "2736"]
[Annotator "TA"]
[PlyCount "88"]
[EventDate "2020.10.31"]
[EventType "k.o."]
[EventCountry "NET"]
[SourceTitle "playchess.com"]
[Source "ChessBase"]
[SourceQuality "1"]

{[%evp 9,88,35,38,39,31,30,37,39,41,37,28,31,45,26,21,33,42,48,73,72,80,72,55,0,0,0,0,0,0,0,0,-20,-17,-8,-12,-22,-11,-32,0,-69,-71,-42,0,-4,-4,0,-8,-25,-27,-55,-6,-28,-9,-31,-46,-45,0,0,0,0,0,-4,0,-54,-47,-53,-40,-58,-41,-1059,-1039,-927,-930,-894,-854,-669,-354,-29991,-29992,-29998,-29999]} 1. e4 e5 2. Nf3 Nc6 3. Bb5 a6 4. Ba4 g6 5. O-O Bg7 6. c3 {C70: Ruy Lopez: 3...a6 4 Ba4, Norwegian and Delayed Schliemann.} b5 7. Bc2 Nge7 8. d4 {White is slightly better.} exd4 {The main line 8...exd4 scores better than 8...d6.} 9. cxd4 d6 10. h3 O-O 11. Nc3 Na5 12. Bf4 Bb7 13. Qc1 f5 14. Bh6 $1 fxe4 15. Bxg7 Kxg7 {[#]} 16. Bxe4 $146 (16. Ng5 $14 Qd7 17. d5) ({Predecessor:} 16. Ng5 Qd7 17. d5 Nxd5 18. Nxd5 Bxd5 19. Bxe4 Bxe4 20. Qc3+ Kg8 21. Nxe4 Qe7 22. Qxa5 Qxe4 23. Qxc7 {½-½ (47) Pap,M (2488)-Mikhalevski,V (2536) Lingen 2015}) 16... Bxe4 $11 17. Nxe4 {Strongly threatening Qc3.} Nd5 18. Re1 Qd7 19. b3 Rae8 20. Ng3 Rxe1+ 21. Qxe1 Nc6 22. Qe4 Nf6 23. Qh4 Re8 24. Re1 ({White should play} 24. Rc1 $11) 24... Rxe1+ $15 25. Nxe1 Qe7 26. Nc2 Qe6 27. Qf4 Ne7 28. Qf3 Ned5 29. Ne3 h5 30. Nxd5 Nxd5 31. Ne4 Qf5 {And now ...Qxf3 would win.} 32. Qe2 Qe6 33. Qc2 Qf5 34. a3 h4 35. b4 Kh6 36. f3 (36. Qc1+ $11 Qf4 37. Qe1) 36... Qf4 37. Qc6 $1 {[%cal Rc6d5]} Qe3+ {[%mdl 64] Double Attack} 38. Kh2 Qxd4 {aiming for ...Qe5+.} 39. Qxa6 $2 {[%mdl 8192] Now White is beyond hope.} (39. Qe8 $15) 39... Qe5+ $19 40. Kg1 {[#]} Qa1+ $1 41. Kh2 {[#]} Ne3 $1 42. Qxb5 d5 {( -> ...Qb2!)} 43. Nd2 $2 (43. Qd3 $19 Nf1+ 44. Kg1 Ng3+ 45. Kf2 dxe4 46. fxe4) 43... Qe1 44. Qd3 Qg3+ {[%mdl 64] Double Attack.  Weighted Error Value: White=0.48/Black=0.15} 0-1

[Event "Speed Chess Championship 2020"]
[Site "Online"]
[Date "2020.12.13"]
[Round "4.19"]
[White "Nakamura, Hikaru"]
[Black "Vachier-Lagrave, Maxime"]
[Result "0-1"]
[WhiteElo "2736"]
[BlackElo "2784"]
[Annotator "TA"]
[PlyCount "108"]
[EventDate "2020.10.31"]
[EventType "k.o."]
[EventCountry "NET"]
[SourceTitle "playchess.com"]
[Source "ChessBase"]
[SourceQuality "1"]

{[%evp 9,108,0,0,0,0,-9,-5,0,-9,-17,-14,-16,-17,-22,0,0,0,0,12,10,10,15,12,14,10,20,20,7,24,37,65,54,46,43,43,43,36,43,40,46,55,30,95,110,147,145,167,161,176,179,172,159,150,159,177,147,151,101,100,45,48,38,35,49,43,43,43,43,47,47,188,53,50,41,34,26,31,4,1,1,3,2,10,10,10,0,0,-15,-6,-6,-6,-362,-353,-795,-795,-1133,-1111,-2285,-1972,-29984,-29985]} 1. e4 c5 2. Nf3 d6 3. Bc4 Nf6 4. d3 a6 5. c3 b5 6. Bb3 {B50: Sicilian: 2...d6, Miscellaneous.} Bb7 {[#]} 7. Nbd2 $146 ({Predecessor:} 7. O-O Nbd7 8. Bf4 e5 9. Bg3 h6 10. Nbd2 g5 11. Re1 Qc7 12. h3 Bg7 13. Nf1 {0-1 (33) Caloone,T (2043)-Shirazi,K (2399) Avoine 2015}) 7... Nbd7 8. O-O {The position is equal.} g6 9. Re1 (9. d4 {is more complex.} e6 10. Bc2 Bg7 11. b3 O-O 12. Bb2) 9... Bg7 10. Nf1 O-O 11. Ng3 Rc8 12. d4 cxd4 13. cxd4 e5 14. d5 Nc5 15. Bc2 b4 16. a3 a5 $1 17. axb4 axb4 18. Be3 Qb6 19. Nd2 Qb5 20. b3 Ra8 21. Nc4 Rxa1 22. Qxa1 Ra8 23. Qb2 Ra6 24. Ra1 Nfd7 25. Rxa6 Qxa6 (25... Bxa6 $11 26. Bd1 (26. Nxd6 Qb6 $11) 26... h5) 26. Bd2 $16 Bf8 27. Bxb4 Qb5 28. Bd2 Ba6 29. h3 h5 30. Qc3 h4 31. Nf1 Nf6 32. f3 Nh5 33. Be3 Nf4 {[#] White must now prevent ...Ne2+.} 34. Kh2 (34. Qa5 $16) 34... Ne2 $14 35. Qb2 Nd4 {[%cal Rd4b3]} 36. Nfd2 Qb4 37. Bd1 Bxc4 38. Nxc4 Qe1 39. Qd2 Qg3+ (39... Qf1 $1 $14) 40. Kg1 (40. Kh1 $18) 40... Ncxb3 41. Qf2 Nc5 42. Qxg3 hxg3 43. Bg5 f5 44. exf5 gxf5 45. Be3 f4 46. Bxd4 exd4 $11 {[%mdl 4096] Endgame KBN-KBN} 47. Nd2 d3 48. Ne4 Nd7 49. Kf1 Ne5 {Threatens to win with ...Nc4.} 50. Ke1 $2 {[%mdl 8192] [#]} (50. Nd2 $11) 50... Nc4 $1 $19 51. Ba4 $2 (51. h4) 51... Ne3 52. Kd2 Nxg2 53. Kxd3 Nh4 54. Ke2 Bg7 {What a bad dream for White.  Weighted Error Value: White=0.61/Black=0.09} 0-1

[Event "Speed Chess Championship 2020"]
[Site "Online"]
[Date "2020.12.13"]
[Round "4.20"]
[White "Vachier-Lagrave, Maxime"]
[Black "Nakamura, Hikaru"]
[Result "1/2-1/2"]
[WhiteElo "2784"]
[BlackElo "2736"]
[Annotator "TA"]
[PlyCount "66"]
[EventDate "2020.10.31"]
[EventType "k.o."]
[EventCountry "NET"]
[SourceTitle "playchess.com"]
[Source "ChessBase"]
[SourceQuality "1"]

{[%evp 9,66,20,30,29,32,25,41,25,33,34,48,50,54,0,0,0,0,0,0,5,-2,-30,-24,-47,-33,-48,-70,-36,-45,-65,0,0,0,-11,0,0,0,0,6,0,0,0,0,0,0,0,0,0,8,0,0,0,0,0,0,0,0,0,0]} 1. e4 e5 2. Nf3 Nc6 3. Bb5 a6 4. Ba4 g6 5. O-O Bg7 6. c3 {C70: Ruy Lopez: 3...a6 4 Ba4, Norwegian and Delayed Schliemann.} b5 7. Bc2 Nge7 8. d4 {White is slightly better.} exd4 {8...exd4 scores better than 8...d6.} 9. cxd4 d5 10. exd5 Nxd5 11. Re1+ (11. Bg5 $14 f6 12. Re1+ Nce7 13. Bd2) 11... Be6 $11 12. Nc3 {[#] aiming for Bg5.} O-O 13. Bg5 Nxc3 14. bxc3 Qd7 {[#]} 15. Nd2 $146 ({Predecessor:} 15. Bb3 Bf5 16. Qd2 a5 17. d5 Na7 18. Re7 Qd6 19. Nd4 Bd7 20. Rae1 Nc8 21. R7e2 {0-1 (78) Hong,A (2334)-Abdusattorov,N (2467) Saint Louis 2017}) 15... b4 16. Ne4 bxc3 17. Nf6+ Bxf6 18. Bxf6 {[#] And now Qc1 would win.} Bd5 19. Re3 Qd6 (19... Rfe8 $15 20. Rxc3 Qe6) 20. Be5 {The position is equal.} Nxe5 21. dxe5 Qc5 22. Qe1 Rab8 23. Rxc3 Qa5 24. Bb3 Rfe8 25. Re3 Qxe1+ 26. Raxe1 Bxb3 27. axb3 {[%mdl 4096] Endgame KRR-KRR} Rb5 28. g3 Reb8 29. Rc1 Rxb3 30. Rxb3 Rxb3 31. Rxc7 g5 32. Ra7 Rb5 33. Rxa6 Rxe5 {Weighted Error Value: White=0.05/Black=0.06} 1/2-1/2

[Event "Speed Chess Championship 2020"]
[Site "Online"]
[Date "2020.12.13"]
[Round "4.21"]
[White "Nakamura, Hikaru"]
[Black "Vachier-Lagrave, Maxime"]
[Result "0-1"]
[WhiteElo "2736"]
[BlackElo "2784"]
[Annotator "TA"]
[PlyCount "56"]
[EventDate "2020.10.31"]
[EventType "k.o."]
[EventCountry "NET"]
[SourceTitle "playchess.com"]
[Source "ChessBase"]
[SourceQuality "1"]

{[%evp 18,56,18,0,0,0,0,0,0,7,0,0,7,0,0,0,0,0,6,0,0,0,14,7,13,-94,-65,-75,-77,-209,-200,-188,-128,-518,-511,-506,-351,-1005,-985,-983,-974]} 1. Nf3 c5 2. b3 Nf6 3. Bb2 e6 4. e3 Be7 5. d4 b6 6. Bd3 Bb7 7. O-O d5 8. Nbd2 Nbd7 9. c4 O-O 10. Qe2 cxd4 $1 {[%mdl 4] outshines the older 10...Ne4. E14: Queen's Indian: Classical Variation (4 e3).} 11. Nxd4 Nc5 12. Bc2 dxc4 {The position is equal.} 13. Nxc4 Qd5 {[%csl Gb7][%cal Rd5g2]} 14. f3 Rfd8 15. Rfd1 {[#] b4 is the strong threat.} Qh5 $146 ({Predecessor:} 15... Qg5 16. Rac1 Nd5 17. Kh1 Bf6 18. e4 Nf4 19. Qf1 Ncd3 20. Nxe6 fxe6 21. Bxd3 Rxd3 22. Rxd3 Nxd3 23. Qxd3 Bxb2 {0-1 (34) Maly,A (2371)-Jakubowski,K (2481) chess.com INT 2020}) 16. b4 Ncd7 17. a3 Rac8 18. Bb3 Bd5 19. Rac1 Nf8 20. e4 Bb7 21. Ne5 (21. Qe1 $11 {keeps the balance.}) 21... Rxc1 $17 ({Inferior is} 21... Qxe5 22. Nf5 $16) 22. Rxc1 {[#] And now Ndc6 would win.} Bd6 $1 {[%cal Rd6e5]} ({Much weaker is} 22... Qxe5 $6 23. Nxe6 Qb8 24. Nxd8 $11) 23. Ndc6 (23. f4 $17 Qxe2 24. Nxe2) 23... Bxc6 $1 $19 24. g4 {[#]} Bb5 ({Black should play} 24... Qg5 $1 $19 25. f4 (25. Nxc6 $2 Bxh2+ 26. Kf1 Bf4 $19) 25... Qh4 26. Nxc6 Bxf4 27. Nxd8 Nxg4) 25. Qxb5 $2 {[%mdl 8192] Now White is beyond hope.} (25. gxh5 $17 {was the crucial defense.} Bxe2 26. Nc6) 25... Qh6 26. Re1 Ng6 27. Re2 $2 (27. Bc1 Qh4 28. Rd1) 27... Bxe5 28. Bxe5 Qg5 {Accuracy: White = 48%, Black = 83%.} 0-1

[Event "Speed Chess Championship 2020"]
[Site "Online"]
[Date "2020.12.13"]
[Round "4.22"]
[White "Vachier-Lagrave, Maxime"]
[Black "Nakamura, Hikaru"]
[Result "1-0"]
[WhiteElo "2784"]
[BlackElo "2736"]
[Annotator "TA"]
[PlyCount "129"]
[EventDate "2020.10.31"]
[EventType "k.o."]
[EventCountry "NET"]
[SourceTitle "playchess.com"]
[Source "ChessBase"]
[SourceQuality "1"]

{[%evp 12,129,12,6,18,20,22,13,18,16,24,14,20,0,22,-29,27,-41,-33,-55,-23,-54,-52,-58,0,0,0,0,23,0,0,-17,25,-36,170,127,121,127,428,422,419,-258,-254,-243,-256,-247,-217,-268,-79,-295,135,0,156,-388,-315,-431,-198,-187,218,208,901,0,0,0,73,60,1056,478,490,476,568,-54,75,0,0,0,45,39,265,290,248,278,258,244,676,661,1646,1555,6095,5941,5900,1526,5701,2527,12834,1410,29988,12830,12832,12831,12837,12838,12841,12842,29997,2129,1426,1016,1007,1012,1794,1708,29985,12835,12835,6091,1416,0,29991,29992]} 1. e4 e5 2. Nf3 Nc6 3. Bc4 Bc5 4. O-O Nf6 5. d3 d6 6. c3 O-O 7. Nbd2 {7.h3 is the recent fashion.} h6 {C54: Giuoco Piano: 4 c3 Nf6, main lines with 5 d4 and 5 d3.} 8. Re1 a5 9. Nf1 Bb6 {The position is equal.} 10. Bb3 Be6 11. Bc2 {[#]} Re8 $146 ({Predecessor:} 11... Ne7 12. Ne3 Ng4 13. d4 Nxe3 14. Bxe3 Ng6 15. d5 Bg4 16. h3 Bd7 17. Qd2 Bxe3 18. fxe3 {1-0 (52) Hoffmann,P (2346)-Schmid,R (2241) Germany 2012}) 12. Ng3 d5 13. h3 (13. exd5 $142 Qxd5 14. h3) 13... d4 ({Better is} 13... dxe4 14. dxe4 Qxd1 15. Rxd1 a4) 14. Qe2 (14. Ba4 $11) 14... a4 $15 15. c4 a3 16. bxa3 Nd7 17. Rb1 Ba5 (17... Bc5 $15) 18. Rf1 $11 Nc5 19. Nh2 Ne7 20. Ng4 Ng6 21. Nh5 Ra6 22. g3 (22. Qf3 $11) 22... f5 $2 (22... Bd7 $15 {stays ahead.}) 23. exf5 Bxf5 24. Rb5 e4 $2 {[%mdl 8192]} (24... Qe7 $16) 25. Rxc5 $18 exd3 26. Qf3 $4 {[%mdl 8192]} (26. Nhf6+ $1 $18 Rxf6 27. Nxf6+ gxf6 28. Qh5 {[%mdl 64] Double Attack}) 26... Be4 $19 27. Qxe4 Rxe4 28. Bxd3 Ree6 $1 29. Rd5 Qe8 $2 (29... Qe7 $1 $19 {has better winning chances. Strongly threatening ...c6.} 30. c5 Ne5 31. Nxe5 Rxe5) 30. c5 $2 (30. Bf5 $17 Reb6 31. c5) 30... Kh7 $2 (30... Ne7 $19 31. Nxg7 Kxg7 32. Rxd4 Bc3) 31. Nf4 (31. f4 $16 Kh8 32. f5) 31... Re4 $2 (31... Kh8 $11 32. Nxe6 (32. Nxg6+ Rxg6 33. Rxd4 Rge6 $15) 32... Rxe6) 32. Bxa6 $2 (32. c6 $1 $16 {[%cal Rc6b7] is necessary to keep the advantage.} bxc6 33. Rf5 Rxf4 34. Bxf4 (34. Rxf4 Ra8 $16)) 32... bxa6 33. c6 Bb6 (33... Nxf4 $142 34. Bxf4 Bb6) 34. Rd7 {Hoping for Nf6+.} Kg8 $4 {[%mdl 8192]} (34... Ne7 $19 {and life is good for Black.} 35. f3 d3+ 36. Kg2 Rd4) 35. Nh5 $1 $18 Qe6 $2 (35... Rxg4 36. hxg4 (36. Rxg7+ Kh8 $18) 36... Qe6) 36. Nxg7 $2 (36. Rxg7+ $18 Kh8 37. Ngf6 Qxf6 38. Nxf6 Kxg7 39. Nxe4) 36... Qxc6 $11 {White must now prevent ...Rxg4.} 37. Nf5 (37. Nxh6+ Kh7 $17) 37... Re6 (37... h5 $11 {remains equal.} 38. Ngh6+ Kh8 39. Nf7+ Kg8 40. N7h6+ Kh8) 38. Ngxh6+ $16 Kf8 $2 {[%mdl 8192]} (38... Kh8 $14 39. Rd8+ Re8 40. Nf7+ (40. Nxd4 Bxd4 41. Rxd4 Ne5 $17) 40... Kh7 41. Nxd4 Qa4 42. Ng5+ Kg8 43. Rxe8+ Qxe8) 39. Rg7 (39. Rf7+ $142 Ke8 40. Bg5) 39... Ke8 $18 40. Bg5 $1 d3 41. Ng4 $2 ({And not} 41. Rf7 Bxf2+ 42. Kh2 (42. Rxf2 $2 Re1+ 43. Rf1 Qc5+ 44. Ne3 Rxe3 $19) 42... Bg1+ 43. Kxg1 Qc5+ 44. Kh1 Qc6+ 45. Kg1 Qc5+ 46. Kh1 Qc6+ 47. Kg1 $11) (41. Rg8+ $18 Nf8 42. Ng7+ {[%mdl 64] Double Attack} Kd7 43. Rxf8) 41... Nf8 {[#]} (41... Qf3 $1 $15 {keeps the upper hand.} 42. Rg8+ Kd7 43. Rd8+ Kc6 44. Nd4+ Bxd4 45. Rxd4 Rd6 46. Rc1+ Kb7) 42. Be3 (42. Rc1 $1 $16 {[%cal Rc1c6]} Qe4 43. Re7+ Rxe7 44. Nf6+ {[%mdl 64] Double Attack} (44. Nxe7 $2 {perishes.} Qf3 $19) 44... Kf7 45. Nxe4 Rxe4 46. Be3) 42... Bxe3 $11 43. Ngxe3 $40 {[%mdl 128] And now Rb1 would win. White mounts an attack.} ({Much worse is} 43. fxe3 d2 $17) 43... Qc5 44. Rg4 {Threatens to win with Rd1.} d2 $2 {[#] White leaves nothing to chance now.} (44... Re5 $14 45. Rc4 Qa5) 45. Ng7+ $1 $18 Kf7 46. Nxe6 Nxe6 47. Rd1 Qxa3 $2 (47... Qc3 48. Nf1 Nd4) 48. Rxd2 c5 49. Rd7+ Ke8 50. Ra7 Kf8 51. Rh4 {[%cal Rh4h8]} Kg8 52. Kg2 Qxa2 53. Re4 (53. Ng4 $142 Qd5+ 54. Kh2) 53... Qb3 54. Re7 (54. Ng4 $142 Kf8 55. Nf6 Qb6 56. Nd7+ {[%mdl 64] Double Attack} Ke7 57. Nxb6+ {[%mdl 64] Discovered Attack} Kd6 58. Rd7+ Kc6 59. Rxe6+ Kb5 60. Nd5) 54... Nd4 55. Re8+ Kf7 56. R4e7+ Kg6 57. h4 Qb6 58. g4 (58. Rg8+ $142 Kh6 59. Ng4+ Kh5 60. Rg5#) 58... Qc6+ 59. Re4 Kf7 60. R8e5 c4 61. Nd5 Nb5 62. Rf5+ (62. Rf4+ $142 Kg7 63. Rg5+ Qg6 64. Rxg6+ Kxg6 65. Rxc4 Kg7 66. Ra4 a5 67. Rxa5) 62... Kg7 63. Re7+ Kg8 64. Re4 $2 ({White should try} 64. Rfe5 $18 Nd6 65. R7e6) 64... c3 $2 {[%mdl 8192]} (64... Kg7 $11 65. f3 c3 66. Re7+ Kg8) 65. Ne7+ {[%mdl 64] Double Attack.  Weighted Error Value: White=0.81/Black=1.17} 1-0

[Event "Speed Chess Championship 2020"]
[Site "Online"]
[Date "2020.12.13"]
[Round "4.23"]
[White "Nakamura, Hikaru"]
[Black "Vachier-Lagrave, Maxime"]
[Result "1/2-1/2"]
[WhiteElo "2736"]
[BlackElo "2784"]
[Annotator "TA"]
[PlyCount "138"]
[EventDate "2020.10.31"]
[EventType "k.o."]
[EventCountry "NET"]
[SourceTitle "playchess.com"]
[Source "ChessBase"]
[SourceQuality "1"]

{[%evp 24,138,11,2,0,0,0,0,0,0,0,0,0,-27,-5,-72,-73,-72,-72,-73,-54,-79,-61,-62,-58,-127,-149,-151,-30,-35,0,0,171,-11,0,0,0,-38,-12,-29,179,164,166,6,5,14,4,0,0,0,0,0,21,22,12,27,22,28,29,0,0,0,0,-69,-66,-88,-94,-99,0,-83,-94,-153,-8,-23,0,0,0,-8,0,0,0,-330,-322,-290,-221,-341,-214,-304,-153,-153,-153,-225,-8,-8,0,0,0,0,8,8,8,8,8,0,8,0,0,0,8,8,8,0,8,0,8,0,8]} 1. e4 c5 2. Nc3 Nc6 3. Nf3 g6 4. d4 cxd4 5. Nxd4 Bg7 6. Be3 Nf6 7. Bc4 O-O 8. Bb3 d6 9. h3 Nxd4 10. Bxd4 Bd7 11. O-O Bc6 12. Qd3 a5 13. a3 Nd7 {B72: Sicilian Dragon: 6 Be3, lines with h3+Bc4 and sidelines.} 14. Bxg7 Kxg7 15. Ba2 Qb6 16. Rab1 {[#]} Rac8 $146 ({Predecessor:} 16... Nc5 17. Qd4+ Kg8 18. Nd5 Bxd5 19. Bxd5 Qc7 20. f4 e6 21. Ba2 Nd7 22. f5 e5 {1-0 (56) Kurnosov,I (2645)-Fier,A (2567) Zuerich 2012}) 17. Kh1 Nf6 18. f4 Rfd8 19. Rfe1 (19. Nd5 $11 Nxd5 20. Bxd5) 19... e6 $17 20. Kh2 d5 21. e5 Ne4 22. Ne2 $1 Bb5 23. Qd4 Qa6 24. Qe3 (24. Ng1 $15) 24... Rxc2 25. Nd4 Rcc8 (25... Rf2 $1 $17 26. Rbc1 Rxb2) 26. Rbd1 Bd7 27. Bb1 Bc6 $2 (27... Kh8 $11) 28. g4 $2 (28. Bxe4 $18 dxe4 29. f5 $1 {[%mdl 512]}) 28... Kg8 29. f5 {aiming for Qh6.} Qb6 30. Re2 {[%cal Rb1e4]} Qc7 31. Nf3 d4 $2 ({Don't go for} 31... gxf5 $2 32. gxf5 f6 33. Bxe4 $18) (31... exf5 $11 32. gxf5 Re8) 32. Qf4 $1 $18 d3 33. Rxd3 $2 (33. Rxe4 $18 {Black must now prevent f6!} Bxe4 34. Qxe4) 33... Rxd3 $11 34. Bxd3 Nc5 $132 {[%mdl 2048] Black has counterplay} 35. f6 {White wants to mate with Qh6.} Qd8 $1 ({Weaker is} 35... Nxd3 36. Qh6 Qxe5+ 37. Nxe5 Nxe5 38. Qg7#) 36. Bc2 Bxf3 37. Qxf3 Qd4 38. Qe3 Qxe3 39. Rxe3 {[%mdl 4096] Endgame KRB-KRN} Rd8 {Threatens to win with ...Rd2+.} 40. Rc3 b6 {[%cal Bb7b6,Bb6b5,Bb5b4,Bb4b3,Bb3b2][%mdl 32]} 41. b4 axb4 $1 42. axb4 Na6 43. Rc4 (43. b5 $11 Nc5 44. Kg3) 43... b5 $15 44. Rc3 Nxb4 {...Rd2+ is the strong threat.} 45. Be4 h6 (45... Nd5 $17 46. Rb3 Rb8) 46. h4 (46. Rc7 $11 {keeps the balance.}) 46... Nd5 $1 $17 {[%cal Rd5c3]} 47. Rc5 (47. Rb3 $142) 47... Ne3 ({Better is} 47... Rb8 $1 $17 48. Bxd5 exd5 49. Rxd5 b4) 48. Kg3 b4 49. Rb5 Nc4 50. g5 hxg5 51. hxg5 {[#]} b3 $1 {[%mdl 512]} 52. Kf4 $2 {[%mdl 8192]} (52. Rxb3 $11 {and White is okay.} Nxe5 53. Rb4) 52... b2 53. Bb1 Rd1 54. Bc2 (54. Ba2 {was the only chance.}) 54... Rd4+ 55. Kf3 (55. Kg3 $142 Rd2 56. Bb1) 55... Rd5 ({Black should play} 55... Rd2 $19 56. Be4 Rd4) 56. Rb8+ Kh7 57. Rb7 {[#]} (57. Rb4 $17 Rd4 58. Kg3) 57... Nxe5+ $2 (57... Rd2 $1 $19 {[%cal Rd2c2]} 58. Ba4 Rd4 59. Rxf7+ {[#]} Kg8 $1 {[%mdl 512]} 60. Rg7+ Kf8) 58. Kf4 $11 {The position is equal.} Rc5 59. Be4 Ra5 60. Rxb2 Nd7 61. Rb7 {Cut Off at move 61} Ne5 62. Rc7 Kg8 63. Rb7 Kh7 64. Rb8 Nd7 65. Rd8 Ne5 66. Rf8 Rc5 67. Ra8 Rb5 68. Ra7 Rc5 69. Rb7 Ra5 {Both players deserved the win here.  Weighted Error Value: White=0.37/Black=0.41} 1/2-1/2

[Event "Speed Chess Championship 2020"]
[Site "Online"]
[Date "2020.12.13"]
[Round "4.24"]
[White "Vachier-Lagrave, Maxime"]
[Black "Nakamura, Hikaru"]
[Result "0-1"]
[WhiteElo "2784"]
[BlackElo "2736"]
[Annotator "TA"]
[PlyCount "62"]
[EventDate "2020.10.31"]
[EventType "k.o."]
[EventCountry "NET"]
[SourceTitle "playchess.com"]
[Source "ChessBase"]
[SourceQuality "1"]

{[%evp 9,62,20,27,21,30,30,28,25,40,37,43,21,18,2,37,21,36,14,32,35,19,-18,0,-26,0,-91,-53,-44,-37,-40,-25,-47,39,-201,-202,-272,-267,-243,-256,-355,-351,-374,-380,-892,-880,-1132,-1110,-1070,-654,-1749,-1705,-2721,-1508,-29986,-29986]} 1. e4 e5 2. Nf3 Nc6 3. Bb5 a6 4. Ba4 g6 5. O-O Bg7 6. c3 {C70: Ruy Lopez: 3...a6 4 Ba4, Norwegian and Delayed Schliemann.} b5 7. Bc2 d6 8. a4 {aiming for axb5.White has an edge.} Rb8 9. axb5 axb5 10. d4 exd4 11. cxd4 Nge7 12. d5 Nb4 {[%cal Bc6b4,Bb4a6,Ba6c5][%mdl 32]} 13. Bb3 O-O 14. Nc3 Na6 {[#]} 15. Be3 $146 ({Predecessor:} 15. Nd4 Nc5 16. Bc2 b4 17. Na4 Bd7 18. Nxc5 dxc5 19. Ne2 c4 20. Ra7 Nc8 21. Ra5 {1-0 (42) Mueller Ludwig,K (2061)-Kopinits,A (2250) Germany 2019}) 15... Nc5 16. Bc2 b4 17. Bxc5 (17. Na4 $11 {keeps the balance.}) 17... bxc3 18. Bd4 cxb2 {[#]} 19. Bxg7 $3 {[%mdl 512]} Kxg7 20. Qd4+ f6 ({Black should try} 20... Kg8 $1 $15 21. Ra2 c6) 21. Rab1 $2 {Now White is beyond hope.} (21. Ra7 $14) 21... c5 $19 22. dxc6 Nxc6 23. Qc3 Qb6 24. Rfd1 Ne5 25. Rd2 Be6 26. Nd4 $2 (26. Nxe5 dxe5 27. Qa3) 26... Ba2 27. Re1 Rfc8 28. Qa3 Rxc2 {[%mdl 64] [#] Remove Defender, Promotion} 29. Nxc2 b1=Q 30. Rxd6 Q6b2 31. Qa7+ Rb7 {Weighted Error Value: White=1.13/Black=0.40} 0-1